00532nam a2200145 a 450000100100000000500170001000800410002702000180006804000250008608200150011124501440012626000670027030000370033770000120037400002915320200930055348.0110413s2010 dr ad 000 0 spa d a9789945140866 aDO-SdBNPbspacBNPHU axxxxbR42600aRepública Dominicana 2010-2020 :bInforme de la Comisión Internacional para el Desarrollo Estratégico de la República Dominicana /. aSanto Domingo :bAttali & AssociésbEditora Corripio,c2010. a143 p. :bil., gráf. ;c28 cm.1 aAttali,